000 00450nam a2200145Ia 4500
008 230917s9999||||xx |||||||||||||| ||und||
040 _e77379
_aMAIN
041 _aEnglish
082 _a342 S88M
100 _aClarke, M G ed
245 0 _aModern politcal constitutions: an introduction to the comparative study of their history and exisiting forms
260 _aLondon
_bEnglish language Book society
_c1972
300 _axvi, 292 p.
942 _cBK
999 _c221322
_d221322